Biggest Cities in Oklahoma with a Map - Statistics

General Stats
  • This quiz has been taken 77 times
  • The average score is 12 of 20
Answers on the Map
Answers color-coded by a green-red scale on the quiz's map according to % correct below.
 
Answer Stats
County Population Answer % Correct
Oklahoma 662,314 Oklahoma City
100%
Tulsa 403,166 Tulsa
95%
Cleveland 125,762 Norman
84%
Tulsa 111,648 Broken Arrow
74%
Payne 50,306 Stillwater
72%
Garfield 49,542 Enid
67%
Cleveland 63,102 Moore
67%
Comanche 93,164 Lawton
65%
Oklahoma 95,346 Edmond
63%
Muskogee 36,831 Muskogee
56%
Oklahoma 57,591 Midwest City
53%
Washington 36,605 Bartlesville
51%
Pottawatomie 31,555 Shawnee
49%
Carter 24,769 Ardmore
47%
Tulsa 37,241 Owasso
47%
Kay 23,482 Ponca City
47%
Canadian 28,793 Yukon
46%
Tulsa 24,257 Jenks
44%
Tulsa 28,453 Bixby
42%
Canadian 24,049 Mustang
37%
No matching quizzes found
Score Distribution
Percent of People with Each Score
Percentile by Number Answered
Your Score History
You have not taken this quiz